| 000 | 00755nam a2200217 a 4500 | ||
|---|---|---|---|
| 005 | 20240511063743.0 | ||
| 008 | 991125s1993 mx 000 0 spa u | ||
| 020 | _a9684307004 | ||
| 035 | _aUPN01000041770 | ||
| 049 | _aLT | ||
| 050 | 4 |
_aLB1577 M6.1 _bP3.6 |
|
| 100 | 1 | _aPacheco Viveros, Iraís | |
| 245 | 1 | 0 |
_aNuestra lengua 1 : _beducación primaria / _cIrais Pacheco Viveros ; coord. Gabriel Moreno Pineda ; dir. Fernando García Cortés. |
| 260 |
_aMéxico : _bSantillana, _c1993. |
||
| 300 |
_a159 p. : _bil. col. |
||
| 500 | _a"Modernización educativa" | ||
| 650 | 4 |
_aEspañol _xEstudio y enseñanza (Elemental) _92806 |
|
| 700 | 1 |
_aMoreno Pineda, Gabriel, _ecoord. _929557 |
|
| 700 | 1 |
_aGarcía Cortés, Fernando, _edir. _932749 |
|
| 905 | _aLibro | ||
| 999 |
_c41770 _d41770 |
||